Statystyki dla Drużyny piłkarskie po obrazku

Kliknij tutaj aby rozwiązać quiz!

Ogólne statystyki

  • Ten quiz został rozwiązany 86 razy
  • Średni wynik to 7 z 16

Statystyki odpowiedzi

Odpowiedź% Poprawnych
Górnik Zabrze/Górnik Polkowice
77%
Korona Kielce
74%
Arka Gdynia
73%
Kotwica Kołobrzeg
66%
Śląsk Wrocław
65%
Miedź Legnica
53%
Znicz Pruszków
47%
Legia Warszawa
45%
Chrobry Głogów
42%
Odra Opole
41%
Jagiellonia Białystok
39%
Puszcza Niepołomice
36%
Siarka Tarnobrzeg
32%
Hutnik Kraków
26%
Piast Gliwice
18%
Radunia Stężyca
15%

Rozkład punktacji

Percentyl według liczby udzielonych odpowiedzi

Procent ludzi z każdym wynikiem

Twoja historia wyników

Nie rozwiązałeś tego quizu